000 00773nas a2200253 4500
001 BR0905755
003 BR-BrBNA
005 20231205113737.0
007 ta
008 230509b bl.|||p| |||| 00| 00por d
040 _aBR-BrBNA
_bpor
_cBiblioteca Nacional de Agricultura
041 _a(Pt)
072 _aL70
100 1 _aGuirro, E.C.B. do
100 1 _aRoberto Sobrinho, G.
100 1 _aFerreira, I.M.M.
100 1 _aValadão, C.A.A.
245 1 _aInjeção epidural preventiva de xilazina ou amitraz, em equinos: efeito antinociceptivo
650 _aEQUINO
650 _aINJEÇÃO
773 0 _tCiência Rural (Brazil)
_xISSN 0103-8478
_g(Jan-Feb 2009), v. 39(1) p. 104-109
_wBR0905755
909 _a202311
_bLúcia
_c55
_dLúcia Elande
942 _2AGRIS
_n0
_cANA
999 _c205367
_d205367